5HLuxD.jpg

KING HENRY VIII SENIOR AND PRIMARY SCHOOL LIBRARY OPAC

The Berenstain bears and the missing honey (Record no. 5779)

000 -LEADER
fixed length control field 00838nam a22002417a 4500
003 - CONTROL NUMBER IDENTIFIER
control field OSt
005 - DATE AND TIME OF LATEST TRANSACTION
control field 20251106082433.0
008 - FIXED-LENGTH DATA ELEMENTS--GENERAL INFORMATION
fixed length control field 251106b ||||| |||| 00| 0 eng d
020 ## - INTERNATIONAL STANDARD BOOK NUMBER
International Standard Book Number 9781338801910
040 ## - CATALOGING SOURCE
Transcribing agency KH8
082 ## - DEWEY DECIMAL CLASSIFICATION NUMBER
Classification number 741.5 PIL
100 1# - MAIN ENTRY--PERSONAL NAME
Personal name Berenstain, Stan
Dates associated with a name 1923-2005
245 14 - TITLE STATEMENT
Title The Berenstain bears and the missing honey
Statement of responsibility, etc. Stan & Jan Berenstain
260 ## - PUBLICATION, DISTRIBUTION, ETC.
Place of publication, distribution, etc. New York
Name of publisher, distributor, etc. Random House
Date of publication, distribution, etc. 1987
300 ## - PHYSICAL DESCRIPTION
Extent 32 pages
Other physical details colour illustration
Dimensions 21 cm x 14 cm
520 ## - SUMMARY, ETC.
Summary, etc. Sister Bear, Brother Bear, Cousin Fred, and his hound Snuff search for the thief who stole Papa Bear's blackberry honey.
650 #1 - SUBJECT ADDED ENTRY--TOPICAL TERM
Topical term or geographic name entry element Mystery and detective stories
650 #1 - SUBJECT ADDED ENTRY--TOPICAL TERM
Topical term or geographic name entry element Bears
General subdivision Fiction
650 #1 - SUBJECT ADDED ENTRY--TOPICAL TERM
Topical term or geographic name entry element Stories in rhyme
700 1# - ADDED ENTRY--PERSONAL NAME
Personal name Berenstain, Jan
Dates associated with a name 1923-2012
800 1# - SERIES ADDED ENTRY--PERSONAL NAME
Personal name Berenstain, Stan
Dates associated with a name 1923-2005
Title of a work First time reader
942 ## - ADDED ENTRY ELEMENTS (KOHA)
Source of classification or shelving scheme
Koha item type Graphic Novel
Holdings
Withdrawn status Lost status Source of classification or shelving scheme Damaged status Not for loan Collection code Permanent Location Current Location Shelving location Date acquired Total Checkouts Full call number Barcode Date due Date last seen Date last checked out Price effective from Koha item type Public note
          Fiction KH8 Primary School Library KH8 Primary School Library Graphic Novel 2025-11-06 10 741.5 PIL KHPL000007362 2026-04-15 2026-04-07 2026-04-07 2025-11-06 Graphic Novel Primary Library

Powered By KH8 IT Dept